Wymień najbardziej znane marki wody - Statystyki

Ogólne statystyki
  • Ten quiz został rozwiązany 3 274 razy
  • Średni wynik to 5 z 15
Statystyki odpowiedzi
Rok Powstania Nazwa Wody % Poprawnych
1992 Żywiec Zdrój
92%
1979 Cisowianka
81%
1974 Muszynianka
66%
1979 Nałęczowianka
64%
2005 Polaris
44%
1994 Kropla Beskidu
42%
2003 Jurajska
23%
1985 Kinga Pienińska
16%
1968 Piwniczanka
15%
1994 Ustronianka
14%
1993 Staropolanka
13%
1998 Dobrowianka
12%
1793 Kryniczanka
10%
1793 Jan
5%
1974 Polanicka
2%
Nie znaleziono quizów pasujących do podanych kryteriów
Rozkład punktacji
Procent ludzi z każdym wynikiem
Percentyl według liczby udzielonych odpowiedzi
Twoja historia wyników
Nie rozwiązałeś tego quizu